• 首页
  • 本馆介绍
  • 公告通知
  • 最新文献
  • 馆藏检索
  • 电子资源
  • 读者导购
  • 参考咨询
  • 我的图书馆
  • 登录
  • 详细信息显示
  • 放入我的书架
  • 预约/预借图书
  • 作者相关作品
  • 分类相关作品
  • 丛书相关作品
  • 出版社相关作品

书目信息

  • 表格格式
  • 工作单格式
  • 卡片格式
题名:
水云集
    
 
作者: 周素子 著
分册:  
出版信息: 福州   海峡文艺出版社  2016
页数: 301页
开本: 24cm
丛书名:
单 册:
中图分类: I251.5
科图分类:
主题词: 回忆录--Hui Yi Lu--中国--当代
电子资源:
ISBN: 978-7-5550-0585-8
000 00787nam0 22002291 450
001 349979
005 20161010141057.87
010    @a978-7-5550-0585-8@dCNY60.00
100    @a20160412d2016 em y0chiy50 ea
101 0  @achi
102    @aCN@b350000
105    @ay z 000zy
106    @ar
200 1  @a水云集@AShui Yun Ji@f周素子著
210    @a福州@c海峡文艺出版社@d2016
215    @a301页@d24cm
330    @a本书稿为周素子先生的回忆录,书名取杭州西湖胜景;三潭印月,书中分三谈印出那些匆匆岁月。从素子先生的回忆中观瞻浙东南沿海地区古老的乡土、乡音、乡情,就像在翻开一部厚重的文史乡俗教科书。
606 0  @a回忆录@AHui Yi Lu@y中国@z当代
690    @aI251.5@v5
701  0 @a周素子@AZhou Su Zi@c(女,@f1935~)@4著
801  0 @aCN@bTANGWEI@20160802
905    @b0887720-4@dI251.5@e889@f5
    
    水云集/周素子著.-福州:海峡文艺出版社,2016
    301页;24cm
    
    
    ISBN 978-7-5550-0585-8:CNY60.00
    本书稿为周素子先生的回忆录,书名取杭州西湖胜景;三潭印月,书中分三谈印出那些匆匆岁月。从素子先生的回忆中观瞻浙东南沿海地区古老的乡土、乡音、乡情,就像在翻开一部厚重的文史乡俗教科书。
●
相关链接 在E读中查询图书 在五车中查询图书 在当当中查询图书 在豆瓣中查询图书


正题名:水云集     索取号:I251.5/889         预约/预借

序号 登录号 条形码 馆藏地/架位号 状态 备注
1 0887720   208877205   第一样本阅览室/ [索取号:I251.5/889] 在馆    
2 0887721   208877214   第二借阅区/ [索取号:I251.5/889] 在馆    
3 0887722   208877223   第二借阅区/ [索取号:I251.5/889] 在馆    
4 0887723   208877232   第二借阅区/ [索取号:I251.5/889] 在馆    
5 0887724   208877241   第二借阅区/ [索取号:I251.5/889] 在馆    
唐山师范学院图书馆 欢迎您!
大连网信软件有限公司© 版权所有